|
|
|
|
| LEADER |
01137nam a2200325Ia 4500 |
| 001 |
EBC294356 |
| 003 |
MiAaPQ |
| 005 |
20200520144314.0 |
| 006 |
m o d | |
| 007 |
cr cn||||||||| |
| 008 |
040112s2003 enk s 000 0 eng d |
| 020 |
|
|
|z 9780750658225
|
| 035 |
|
|
|a (MiAaPQ)EBC294356
|
| 035 |
|
|
|a (Au-PeEL)EBL294356
|
| 035 |
|
|
|a (CaPaEBR)ebr10186265
|
| 035 |
|
|
|a (CaONFJC)MIL105169
|
| 035 |
|
|
|a (OCoLC)437181527
|
| 040 |
|
|
|a MiAaPQ
|c MiAaPQ
|d MiAaPQ
|
| 050 |
|
4 |
|a HF5549
|b .S43 2003
|
| 245 |
0 |
0 |
|a Securing the right people
|h [electronic resource].
|
| 250 |
|
|
|a 4th ed.
|
| 260 |
|
|
|a Oxford :
|b Pergamon Flexible Learning,
|c 2003.
|
| 300 |
|
|
|a viii, 92 p.
|
| 490 |
0 |
|
|a Institute of Leadership & Management Super Series
|
| 533 |
|
|
|a Electronic reproduction. Ann Arbor, MI : ProQuest, 2015. Available via World Wide Web. Access may be limited to ProQuest affiliated libraries.
|
| 650 |
|
0 |
|a Personnel management.
|
| 650 |
|
0 |
|a Industrial management.
|
| 655 |
|
4 |
|a Electronic books.
|
| 710 |
2 |
|
|a ProQuest (Firm)
|
| 856 |
4 |
0 |
|u https://ebookcentral.proquest.com/lib/matrademy/detail.action?docID=294356
|z Click to View
|